The accvsation given by His Maiestie against the Lord VVilmot, together with the Lord Wilmots declaration of his innocency : also a petition of the officers of the old horse to His Maiesty in behalfe of Lord VVilmot, with His Maiesties answer thereunto : by which it is most evident that the Lord Wilmot is in great danger of losing his head, if hee hath not lost it already as some affirme, for being a suiter to His Maiesty for peace, and for being averse to the proceedings of Prince Rupert, shewing a just dislike that he, being the grand favourer of the Irish rebels should be so much countenanced and entrusted by His Maiesty with so great a power.

Bibliographic Details
Corporate Authors: England and Wales. Army, England and Wales. Sovereign (1625-1649 : Charles I)
Other Authors: Rochester, Henry Wilmot, Earl of, 1612?-1658
Format: Microform Book
Language:English
Series:Early English books, 1641-1700 ; 228:E.7, no. 27.
Subjects:

MARC

Tag First Indicator Second Indicator Subfields
LEADER 00000cam a2200000 a 4500
001 in00000965521
005 20150927073728.0
007 hd afv|||baca
008 850401r19671644miu a 00000 eng d
035 |a (OCoLC)11869914 
035 |9 AEV3516AM 
037 |a CL0037000007  |b UMI 
037 |b University Microfilms International, 300 N. Zeeb Rd., Ann Arbor, MI 48106 
040 |a EAA  |c EAA  |d m/c  |d UtOrBLW 
049 |a TXAI 
099 |a film   |a  B   |a  3609 
245 0 4 |a The accvsation given by His Maiestie against the Lord VVilmot, together with the Lord Wilmots declaration of his innocency :  |b also a petition of the officers of the old horse to His Maiesty in behalfe of Lord VVilmot, with His Maiesties answer thereunto : by which it is most evident that the Lord Wilmot is in great danger of losing his head, if hee hath not lost it already as some affirme, for being a suiter to His Maiesty for peace, and for being averse to the proceedings of Prince Rupert, shewing a just dislike that he, being the grand favourer of the Irish rebels should be so much countenanced and entrusted by His Maiesty with so great a power. 
264 3 |a London :  |b Printed by Francis Leach,  |c August 30, 1644. 
300 |a 2 unnumbered pages, 8 pages 
336 |a text  |b txt  |2 rdacontent 
337 |a microform  |b h  |2 rdamedia 
338 |a microfilm reel  |b hd  |2 rdacarrier 
500 |a Texts of the principle documents relating to charges of dis-loyalty against Baron Henry Wilmot, later earl of Rochester. 
500 |a Reproduction of original in Thomason Collection, British Library. 
510 4 |a Wing  |c C2076A 
533 |a Microfilm.  |b Ann Arbor, Mich. :  |c University Microfilms,  |d 1967.  |e 1 microfilm reel : 35 mm.  |f (Early English books, 1641-1700 ; 228:E.7, no. 27) 
500 |a Microform. 
600 1 0 |a Rochester, Henry Wilmot,  |c Earl of,  |d 1612?-1658. 
700 1 |a Rochester, Henry Wilmot,  |c Earl of,  |d 1612?-1658. 
710 1 |a England and Wales.  |b Army. 
710 1 |a England and Wales.  |b Sovereign (1625-1649 : Charles I) 
830 0 |a Early English books, 1641-1700 ;  |v 228:E.7, no. 27. 
999 |a MARS 
999 f f |s c4897ac2-01f8-3f75-8cc8-33d68520c7c8  |i be362cf0-a181-3a45-a2a4-12084297f250  |t 0 
952 f f |p default  |a Texas A&M University  |b College Station  |c Sterling C. Evans Library  |d Evans: Microforms (3rd floor)  |t 0  |e film B 3609 228:E.7 no. 27  |h Other scheme  |i microform -- microfilm reel 
998 f f |a film B 3609 228:E.7 no. 27  |t 0  |l Evans: Microforms (3rd floor)